000
00372nam a2200169Ia 4500
008
240830s2000 xx 000 0 und d
041
_a
mar
082
_a
613 DHO
100
_a
DHOBALE JOSTNA
245
_a
AROGYA SAKAL SAMPDA
250
_a
N.D.
260
_a
PUNE
_b
DELMAR
_c
2000
300
_a
102p
650
_a
GENERAL
906
_a
N.D.
999
_c
1199042
_d
1199042